• 首页
  • 本馆介绍
  • 公告通知
  • 最新文献
  • 馆藏检索
  • 电子资源
  • 读者导购
  • 参考咨询
  • 我的图书馆
  • 登录
  • 详细信息显示
  • 放入我的书架
  • 预约/预借图书
  • 作者相关作品
  • 分类相关作品
  • 丛书相关作品
  • 出版社相关作品

书目信息

  • 表格格式
  • 工作单格式
  • 卡片格式
题名:
印染废水处理技术及典型工程
    
 
作者: 张林生 主编
分册:  
出版信息: 北京   化学工业出版社  2005
页数: 280页
开本: 26cm
丛书名:
单 册:
中图分类: X791.03
科图分类:
主题词: 印染工业--废水处理 , 印染工业 , 废水处理
电子资源:
ISBN: 7-5025-7074-8
000 00841nam0 2200253 450
001 012007969355
005 20070523085613.32
010    @a7-5025-7074-8@dCNY48.00
100    @a20070516d2005 km y0chiy0120 ea
101 0  @achi
102    @aCN@b110000
105    @ay z 000yy
106    @ar
200 1  @a印染废水处理技术及典型工程@Ayin ran fei shui chu li ji shu ji dian xing gong cheng@f张林生主编@Fzhang lin sheng zhu bian
210    @a北京@c化学工业出版社@d2005
215    @a280页@d26cm
330    @a全书共分十二章,主要内容:纺织印染工艺概述、印染工艺的清洁生产、印染废水处理技术概论、印染废水的物理处理方法等。
606 0  @a印染工业@x废水处理
606 0  @a印染工业
606 0  @a废水处理
690    @aX791.03@v4
701  0 @a张林生@Azhang lin sheng@c(水处理)@4主编
801  0 @aCN@bRULIN@c20070523
905    @dX791.03@e75@s8
    
    印染废水处理技术及典型工程/张林生主编.-北京:化学工业出版社,2005
    280页;26cm
    
    
    ISBN 7-5025-7074-8:CNY48.00
    全书共分十二章,主要内容:纺织印染工艺概述、印染工艺的清洁生产、印染废水处理技术概论、印染废水的物理处理方法等。
●
相关链接 在E读中查询图书 在五车中查询图书 在当当中查询图书 在豆瓣中查询图书


正题名:印染废水处理技术及典型工程     索取号:X791.03/75         预约/预借

序号 登录号 条形码 馆藏地/架位号 状态 备注
1 0576962   205769621   第二样本阅览室/ [索取号:X791.03/75] 在馆    
2 0576963   205769630   第三借阅区/ [索取号:X791.03/75] 在馆    
3 0576964   205769649   第三借阅区/ [索取号:X791.03/75] 在馆    
4 0576965   205769658   第三借阅区/ [索取号:X791.03/75] 在馆    
5 0576966   205769667   第三借阅区/ [索取号:X791.03/75] 在馆    
6 0576967   205769676   第三借阅区/ [索取号:X791.03/75] 在馆    
7 0576968   205769685   第三借阅区/ [索取号:X791.03/75] 在馆    
8 0576969   205769694   第三借阅区/ [索取号:X791.03/75] 在馆    
唐山师范学院图书馆 欢迎您!
大连网信软件有限公司© 版权所有